01660nam a2200265 i 450000100060000000300090000600500170001500700030003200800410003508000120007624502820008825000240037026000380039430000640043250506380049652500440113465000170117865000300119570000190122570000190124470000230126370000270128670000280131385200530134144787ES-MaACL20250806053931.0t|030324m19591967sp adfo |||| | spa d a616(02)03aLa clínica del presente b: un tratado siempre actual de medicina práctica / cdirigido por Rudolf Cobet, Kurt Gutzeit, Hans Erhard Bock ; con más de doscientos colaboradores ; [traducciones... del alemán por los doctores J. Morales Belda, F. Ruiz Torres ... (et al.)]. a1ª ed. española. aMadrid : bAlhambra, c1959-1963. a10 v. (h. de lám. col.) : bil., fot., gráf. ; c27 cm.8 aContiene: t. I-II (con 143 fig. y 2 lám.; con 188 fig. y 8 lám. col.) + Índice de materias de los t. I y II - t. III (con 88 fig. y 8 lám. col.) + Índice... t. I a III - t. IV (con 106 fig. y 5 lám. col.) + Índice... t. I a IV - t. V (con 149 fig. y 6 lám. col.) + Índice... t. I a V - t. VI (con 169 fig. y 3 lám. col.) + Índice... t. I a t. VI - t. VII (con 86 fig. y 6 lám. col.) + Índice de materias del t. VII - t. VIII (con 210 fig. y 7 lám. col.) + Índice... t. VIII - t. IX (con 219 fig. y 7 lám. col.) + Índice... t. IX - t. X (con 142 fig. y 15 lám. col.) + Índice de materias del t. X aSuplementos intercalados en diversos v.04aPatología.07aMedicina clínica2embne1 aCobet, Rudolf.1 aGutzeit, Kurt.1 aBock, Hans Erhard.1 aMorales Belda, J. .1 aRuiz Torres, Francisco. aES-MaACLjL-31133-42 z- enc. cart. (troquelada)